All the Things - Colors - Statistics

General Stats
  • This quiz has been taken 38 times
  • The average score is 11 of 15
Answer Stats
Clue Answer % Correct
Primary Color Start with R Red
100%
Primary Color Start with B Blue
97%
An Color Represents Nature Green
97%
Same Name by a Fruit Orange
97%
Primary Color Start with Y Yellow
97%
Darkest Colorless Black
90%
Lightest Colorless White
90%
Lightest Red Pink
86%
Violet from Purple
83%
Color Supportive of Au Gold
72%
Colorless Half Brightness Gray
62%
Darkest Yellow/Orange Brown
55%
Bluish Green Teal
45%
Darkest Blue Navy Blue
28%
Lightest Yellow Daisy Yellow
3%
No matching quizzes found
Score Distribution
Percent of People with Each Score
Percentile by Number Answered
Your Score History
You have not taken this quiz